Privatization in Eastern Europe <A> Critical Approach

Salvato in:
Dettagli Bibliografici
Autore principale: Major, Iván
Natura: Libro
Lingua:inglese
Pubblicazione: Aldershot Edward Elgar Publ. 1993
Edizione:1. ed.
Serie:Studies of Communism in Transition
Soggetti:
Tags: Aggiungi Tag
Nessun Tag, puoi essere il primo ad aggiungerne!!

MARC

LEADER 00000nam a2200000 4500
001 c014375
005 20221206074926.1
020 |a 1-85278-887-9 
041 0 |a eng 
044 |a GB 
245 1 0 |a Privatization in Eastern Europe  |b <A> Critical Approach  |c Iván Major 
250 |a 1. ed. 
264 1 |a Aldershot  |b Edward Elgar Publ.  |c 1993 
300 |a 164 s. 
490 1 |a Studies of Communism in Transition 
830 0 |a Studies of Communism in Transition 
610 2 0 |a privatizácia 
610 2 0 |a východná Európa 
610 2 0 |a politika hospodárska 
100 1 |a Major, Iván